| 000 | 00358nam a2200145Ia 4500 | ||
|---|---|---|---|
| 008 | 231207s9999 xx 000 0 und d | ||
| 041 | _aeng | ||
| 082 | _a004.16/DOU | ||
| 100 | _aAsoke K Talukdar | ||
| 245 | _aMobile Computing | ||
| 250 | _a2009 Ed. | ||
| 260 | _bTata McGraw Hill, New Delhi | ||
| 300 | _aPB/668 | ||
| 650 | _aComnputer Program Language | ||
| 999 |
_c948939 _d948939 |
||